000 00273nam a2200109Ia 4500
008 200302s9999 xx 000 0 und d
100 _aCecil Balmond
245 _aFrontiers of Architecture 1
260 _bLou Siana Museum of Modern Art
260 _c2007
300 _a120 P.,
999 _c2800
_d2800